| 000 | 00889cam a2200265 i 4500 | ||
|---|---|---|---|
| 001 | 000001391 | ||
| 003 | DO-SdBNP | ||
| 005 | 20251029111305.0 | ||
| 008 | 770812s1976 ve 000 0 spa | ||
| 010 | _a77467482 | ||
| 040 |
_aDO-SdBNP _cDLC _dDLC |
||
| 043 | _as-ve--- | ||
| 050 | 0 | 0 |
_aJL3831 _b.E82 |
| 100 | 2 |
_aEscovar Salom, Ramon. _94657 |
|
| 245 | 0 | 0 | _aDiscurso de incorporacion del Dr. Ramon Escovar Salom. Discurso de contestacion del academico Dr. Eloy Lares Martinez. |
| 260 |
_aCaracas : _bAcademia de Ciencias Politicas y Sociales, _c1976. |
||
| 300 |
_a48 p. ; _c22 cm. |
||
| 500 | _aCover title. | ||
| 610 | 2 | 0 |
_aAcademia de Ciencias Politicas y Sociales (Venezuela) _94659 |
| 651 | 0 |
_aVenezuela _xPolitics And Government _y1974-1999. _926230 |
|
| 700 | 2 |
_aLares Martinez, Eloy. _94660 |
|
| 910 | _aCatalogación por copia / LC | ||
| 910 | _aDC | ||
| 942 |
_2ddc _cLBS1 |
||
| 999 |
_c1313 _d1313 |
||